Taylor Swift - Paroles Karma - Statistiques

Statistiques générales
  • Ce quiz a été pris 233 fois
  • Le résultat moyen est 326 sur 392
Statistiques - réponses
Hint Réponse % Correct
I
99%
karma
99%
Karma
99%
(karma
99%
my
99%
My
99%
the
99%
a
98%
boyfriend
98%
boyfriend)
98%
is
98%
on
97%
me
96%
Me
96%
you
96%
You
96%
god
95%
in
94%
to
94%
cat
93%
'Cause
93%
'cause
93%
weekend
93%
(weekend)
93%
why
93%
hair
91%
it
91%
Pré-refrain And
90%
and
90%
like
90%
of
90%
Of
90%
what
89%
relaxing
88%
It's
87%
it's
87%
know
87%
that
87%
for
86%
mean
85%
thought
85%
coming
83%
Coming
83%
down
83%
keep
83%
not?
83%
your
83%
loves
82%
Sweet
82%
acrobat
81%
side
80%
breeze
79%
clean
79%
guy
79%
Karma's
79%
street
79%
Couplet 1 You're
79%
you're
79%
wouldn't
78%
back
77%
honey,
77%
just
77%
vibe
77%
all
76%
from
76%
lap
76%
around
75%
but
75%
by
75%
Step
75%
step
75%
queen
74%
friends
73%
home
73%
shit
73%
talking
73%
hell
72%
goddamn
71%
look
71%
screen
71%
I'm
70%
(I'm
70%
hunter
69%
town
69%
track
69%
so
67%
gonna
66%
justice,
66%
here
65%
here)
65%
if
65%
still
65%
still,
65%
straight
65%
there
65%
those
65%
Aren't
64%
Bridge Ask
64%
get
64%
Purring
64%
see
64%
thunder
64%
Addicted
63%
dare,
63%
learned
63%
terrified
63%
years
63%
Flexing
62%
envious
61%
Don't
58%
ground
58%
relevant
58%
many
57%
everyone
56%
glare
56%
tears
56%
once,
55%
takes
55%
twice
55%
bounty
53%
summit
52%
earned
51%
only
51%
burned
50%
price?
50%
Couplet 2 Spider-boy,
50%
betrayal,
49%
crown
48%
you'll
48%
king
45%
made
45%
cash
44%
Trick
42%
trick
42%
pennies
41%
ain't
39%
thieves
35%
webs
32%
little
31%
opacity
29%
Rattling
29%
scent
29%
fade,
23%
Weave
16%
Aucun quiz correspondant
Distribution des résultats
% des personnes avec chaque résultat
Percentile par nombre de réponses
Votre historique - résultats
Vous n’avez pas pris ce quiz